| 000 | 00640nam a2200217 u 4500 | ||
|---|---|---|---|
| 005 | 20240802063713.0 | ||
| 008 | 120910s2010 mx r 000 0 spa d | ||
| 020 | _a9786077661184 | ||
| 035 | _aUPN01000186509 | ||
| 049 | _aI | ||
| 050 | 4 |
_aPZ76.3 _bM3.54 |
|
| 100 | 1 |
_aMalpica Maury, Antonio, _d1967- _930238 |
|
| 245 | 1 | 4 |
_aLos mil años de Pepe Corcueña / _cToño Malpica ; il. Amira Aranda. |
| 260 |
_aMéxico : _bEl Naranjo, _cc2010. |
||
| 300 | _a102 p. | ||
| 440 | 0 | _aEcos de tinta | |
| 650 | 0 |
_aAnimales _vCuentos y leyendas _9234 |
|
| 650 | 4 |
_aLiteratura infantil mexicana _910209 |
|
| 905 | _aInfantil | ||
| 999 |
_c158612 _d158612 |
||